000
00265nam a2200109Ia 4500
005
20251222114347.0
008
251222s1900||||xx |||||||||||||| ||spa||
082
_a
DVD0090/C76
245
0
_a
EconomÃa del Cono Norte de Lima.
264
_b
Tele Juan 19.
942
_c
DVD
999
_c
1085
_d
1085